| 000 | 00420 a2200133 4500 | ||
|---|---|---|---|
| 001 | 87647 | ||
| 082 | _aPR 24 | ||
| 090 |
_c41105 _d41105 |
||
| 100 | _aAdeel Anwar, Plt Off 15197, 69(B) EC | ||
| 245 | _aDesign of video based autonomous navigation system for unmanned aerial vehiles | ||
| 260 |
_aRisalpur _bCAE PAF Academy Risalpur _c2010 |
||
| 300 |
_aix, 69p. _eTauseef Ur Rehman, Sqn Ldr |
||
| 500 | _aBE Project Reports | ||
| 942 |
_aCAE NUST _kPR 24 |
||
| 999 |
_c322720 _d322720 |
||